| 000 | 00344nam a2200133Ia 4500 | ||
|---|---|---|---|
| 005 | 20251222154429.0 | ||
| 008 | 251222s9999||||xx |||||||||||||| ||spa|| | ||
| 082 | _a668.494/U28 | ||
| 100 | _aUllod, José | ||
| 245 | 0 | _aProcesos de transformación de la Fibra de Vidrio: | |
| 250 | _a1ra.ed. | ||
| 264 | _bVetrotex España, S.A. | ||
| 942 | _cLIB | ||
| 999 |
_c36333 _d36333 |
||